I NEVER LIKED YOU - Future - Statistics

General Stats
  • This quiz has been taken 7 times
  • The average score is 10 of 22
Answer Stats
Songs Plays Artists % Correct
WAIT FOR U 1,360,177,138 Future, Drake, Tems
100%
712PM 131,301,526 Future
86%
PUFFIN ON ZOOTIEZ 596,638,623 Future
86%
I'M ON ONE 34,753,464 Future, Drake
71%
KEEP IT BURNIN 49,622,578 Future, Kanye West
71%
CHICKENS 3,257,667 Future, EST Gee
57%
FOR A NUT 31,614,204 Future, Gunna, Young Thug
57%
LIKE ME 68,045,122 Future, 42 Dugg, Lil Baby
57%
GOLDSTACKS 217,369 Future
43%
I'M DAT N**** 83,371,300 Future
43%
LOVE YOU BETTER 176,880,885 Future
43%
MASSAGING ME 76,583,710 Future
43%
AFFILIATED 2,143,382 Future, Lil Durk
29%
BACK TO THE BASICS 25,960,214 Future
29%
HOLY GHOST 35,348,889 Future
29%
JUST THE BEGINNING 715,486 Future
29%
NO SECURITY 984,852 Future, BabyFace Ray
29%
THE WAY THINGS GOING 18,325,677 Future
29%
WE JUS WANNA GET HIGH 26,080,169 Future
29%
WORST DAY 78,337,722 Future
29%
STAYED DOWN 7,470,260 Future, Young Scooter
14%
VOODOO 2,732,407 Future, Brent Faiyaz
14%
No matching quizzes found
Score Distribution
Percent of People with Each Score
Percentile by Number Answered
Your Score History
You have not taken this quiz